| 000 | 00435pab a2200169 454500 | ||
|---|---|---|---|
| 008 | 180718b2014 xxu||||| |||| 00| 0 eng d | ||
| 100 | _aKaufmann, Eric | ||
| 245 | _aIts the demography, stupid: Ethnic change and opposition to immigration | ||
| 260 | _c2014 | ||
| 300 | _ap.267-276. | ||
| 362 | _aJul-Sep | ||
| 650 | _aEthnic groups | ||
| 650 | _aImmigration | ||
| 773 | _aPolitical Quarterly | ||
| 908 | _aN | ||
| 909 | _a106304 | ||
| 999 |
_c106299 _d106299 |
||